| 000 | 00547nam a2200181Ia 4500 | ||
|---|---|---|---|
| 003 | GCL | ||
| 008 | 140319s9999 xx 000 0 ara d | ||
| 040 |
_aGCL / _cGCL |
||
| 082 | 0 | 4 |
_a792 _bا ا |
| 100 | 1 | _aاحمد زكى | |
| 245 | 1 | 0 |
_aاتجاهات المسرح المعاصر : فنون العرض / _cاحمد زكى |
| 300 | _a199 ص | ||
| 490 |
_aاتجاهات المسرح المعاصر _v0 |
||
| 650 | 0 | 4 | _aالمسرح |
| 650 | 0 | 4 | _aالتمثيل فى السينما |
| 650 | 0 | 4 | _aالديكور المسرحى |
| 942 |
_2ddc _cBK |
||
| 999 |
_c49969 _d49969 |
||